Văn hóa dân gian người Cống tỉnh Điện Biên Quyển 1

Na minha lista:
Detalhes bibliográficos
Outros Autores: Chu, Thùy Liên, Hoàng, Nhung, Hoàng, Thím, Lò, Ngọc Duyên, Lò, Ngọc Thuyên, Lương, Thị Đại, Lại, Quang Trung, Đặng, Thị Oanh, Tòng, Văn Hân
Formato: Livro
Publicado em: Hà Nội Văn hóa Thông tin 2014
Assuntos:
Tags: Adicionar Tag
Sem tags, seja o primeiro a adicionar uma tag!
Thư viện lưu trữ: Trung tâm Học liệu Lê Vũ Hùng, Trường Đại học Đồng Tháp
LEADER 01376pam a22004338a 4500
001 00032276
008 140604s2014 ||||||Viesd
005 20171026081025.0
020 # # |a 9786045015445 
041 0 # |a Vie 
082 1 4 |a 390.095 971 77  |b V115H 
245 1 0 |a Văn hóa dân gian người Cống tỉnh Điện Biên  |c Chu Thùy Liên, Đặng Thị Oanh, Lại Quang Trung,..[ và những người khác]  |n Quyển 1 
260 # # |a Hà Nội  |b Văn hóa Thông tin  |c 2014 
300 # # |a 447 tr.  |c 21 cm.  |b minh họa 
500 # # |a ĐTTS ghi : Hội văn nghệ dân gian Việt Nam 
504 # # |a Thư mục: tr. 439 
653 # # |a Văn hóa dân gian 
653 # # |a Việt Nam 
653 # # |a Dân tộc Cống 
653 # # |a Điện Biên 
700 1 # |a Chu, Thùy Liên 
700 1 # |a Hoàng, Nhung 
700 1 # |a Hoàng, Thím 
700 1 # |a Lò, Ngọc Duyên 
700 1 # |a Lò, Ngọc Thuyên 
700 1 # |a Lương, Thị Đại 
700 1 # |a Lại, Quang Trung 
700 1 # |a Đặng, Thị Oanh 
700 1 # |a Tòng, Văn Hân 
852 # # |b Kho đọc  |j KD.0015839 
852 # # |j KD.0015839 
910 0 # |d 4/6/2014 
980 # # |a Trung tâm Học liệu Lê Vũ Hùng, Trường Đại học Đồng Tháp